| 000 | 00470nam a22001577a 4500 | ||
|---|---|---|---|
| 003 | OSt Macl | ||
| 005 | 20170418151832.0 | ||
| 008 | 170418b xxu||||| |||| 00| 0 eng d | ||
| 040 | _cMacl | ||
| 082 | _a920 | ||
| 100 |
_aBose Shanti shekhar _966356 |
||
| 245 |
_aAn Appraisal on J.V.Stalin And ARejoinder to Fider Castro'S Criticisms on _bJ.V Stalin |
||
| 260 |
_aWest Bengal _bPublished By Shanti shekhar Bose _c2010 |
||
| 650 |
_aBiography _967055 |
||
| 942 |
_2ddc _cBK |
||
| 999 |
_c56267 _d56267 |
||